000 00396nam a2200181Ia 4500
005 20240823015204.0
008 240823s9999||||xx |||||||||||||| ||und||
041 _aENGLISH
082 _A551
100 _aKhurmi R S
245 0 _aEngineering Geology
250 _a1st
260 _bDhanpat Rai &
_aDelhi
500 _aYES
650 _aGeology
_bGeneral
942 _cBK
999 _c171847
_d171847